[Event "XVII Open Nicolo' La Rosa"]
[Site "Mazara del Vallo ITA"]
[Date "2009.08.07"]
[Round "2"]
[White "Piazza, Francesco"]
[Black "Cassia, Giuseppe"]
[Result "0-1"]
[WhiteElo "1374"]
[BlackElo "1532"]
[PlyCount "118"]
[EventDate "2009.08.07"]

1. e4 e6 2. Nc3 d5 3. exd5 exd5 4. d4 Nf6 5. Nf3 Bd6 6. Bg5 Be6 7. g3 h6 8. Bd2
O-O 9. Bg2 Nbd7 10. O-O Ne4 11. Nb5 Ndf6 12. Be3 a6 13. Nxd6 Nxd6 14. Nd2 Nfe4
15. Nxe4 Nxe4 16. Bxe4 dxe4 17. f3 exf3 18. Qxf3 c6 19. b3 Qd7 20. Rad1 Bg4 21.
Qh1 Bxd1 22. Rxd1 Rfe8 23. Bf2 Re2 24. d5 Qf5 25. Qg2 Qxc2 26. Qf1 Rd8 27. d6
Rxf2 28. Qe1 Rg2+ 29. Kf1 Qf2+ 30. Qxf2 Rxf2+ 31. Kxf2 f6 32. Ke3 Kf7 33. Rd4
Ke6 34. Re4+ Kxd6 35. Rd4+ Ke7 36. Rxd8 Kxd8 37. Kd4 b6 38. a4 a5 39. Kc4 Kd7
40. b4 axb4 41. Kxb4 Kd6 42. a5 bxa5+ 43. Kxa5 Kd5 44. Kb4 Kd4 45. Kb3 c5 46.
Kc2 Kc4 47. h4 g6 48. Kc1 Kc3 49. Kd1 Kb2 50. Kd2 c4 51. g4 c3+ 52. Kd1 c2+ 53.
Ke1 c1=Q+ 54. Kf2 Qf4+ 55. Ke1 Kc2 56. g5 Kd3 57. h5 Qh2 58. Kf1 Ke3 59. gxf6
Qf2# 0-1

[Event "XVII Open Nicolo' La Rosa"]
[Site "Mazara del Vallo ITA"]
[Date "2009.08.07"]
[Round "2"]
[White "Provino, Salvatore"]
[Black "Gigante, Giovanni"]
[Result "0-1"]
[WhiteElo "1413"]
[BlackElo "1692"]
[PlyCount "60"]
[EventDate "2009.08.07"]

1. Nf3 d5 2. g3 Nf6 3. Bg2 c5 4. O-O Nc6 5. d3 e5 6. Re1 Be7 7. e4 dxe4 8. dxe4
Qxd1 9. Rxd1 h6 10. c4 O-O 11. Nc3 Bg4 12. Be3 Nd4 13. Bxd4 cxd4 14. Nd5 Nxd5
15. cxd5 Bd6 16. a3 Rfc8 17. b4 Rc3 18. Rdc1 Rxf3 19. Bxf3 Bxf3 20. Rc2 Bxe4
21. Rd2 Rc8 22. Re1 Bxd5 23. h4 Rc3 24. Ra1 d3 25. Rad1 e4 26. f3 f5 27. f4
Rxa3 28. Rb1 e3 29. Rh2 Bxb4 30. Rxb4 Ra1+ 0-1

[Event "XVII Open Nicolo' La Rosa"]
[Site "Mazara del Vallo ITA"]
[Date "2009.08.07"]
[Round "2"]
[White "Spadaro, Carmelo Alessandro"]
[Black "Bonomo, Renan"]
[Result "0-1"]
[WhiteElo "1479"]
[BlackElo "1620"]
[PlyCount "58"]
[EventDate "2009.08.07"]

1. d4 e6 2. c4 g6 3. Nf3 Bg7 4. Nc3 c6 5. e4 Ne7 6. Bd3 d5 7. cxd5 cxd5 8. Bb5+
Bd7 9. Qa4 dxe4 10. Bxd7+ Nxd7 11. Nxe4 O-O 12. O-O Nb6 13. Qd1 Nf5 14. Be3 Nd5
15. Re1 Nfxe3 16. fxe3 Bh6 17. Qb3 b6 18. Ne5 Rc8 19. Rad1 f5 20. Nf2 f4 21. e4
Ne3 22. Qxe6+ Kh8 23. Rd3 Rc7 24. Nfg4 Qh4 25. Nf2 Rc2 26. Kh1 Qxf2 27. Rg1 Rc1
28. Nxg6+ hxg6 29. Qe5+ Bg7 0-1

[Event "XVII Open Nicolo' La Rosa"]
[Site "Mazara del Vallo ITA"]
[Date "2009.08.07"]
[Round "2"]
[White "Vincenzi, Marco"]
[Black "Di Misa, Salvatore"]
[Result "0-1"]
[WhiteElo "2080"]
[BlackElo "1851"]
[PlyCount "59"]
[EventDate "2009.08.07"]

1. e4 c5 2. Nf3 Nc6 3. d4 cxd4 4. Nxd4 Nf6 5. Nc3 e5 6. Ndb5 d6 7. Bg5 a6 8.
Na3 b5 9. Nd5 Be7 10. Bxf6 Bxf6 11. c4 Nd4 12. cxb5 O-O 13. bxa6 Bg5 14. Bc4
Qa5+ 15. Nc3 Bxa6 16. O-O Qb4 17. Bxa6 Rxa6 18. Qd3 Rxa3 19. bxa3 Qxc3 20. Rfd1
Qxd3 21. Rxd3 Rb8 22. h4 Bxh4 23. a4 Bd8 24. Kh2 Kf8 25. f4 Rb4 26. fxe5 dxe5
27. Rc1 Rxa4 28. Rd2 Ke8 29. Rb2 Ne6 30. Rb7 {...} 0-1

[Event "XVII Open Nicolo' La Rosa"]
[Site "Mazara del Vallo ITA"]
[Date "2009.08.08"]
[Round "3"]
[White "Bertino, Giacomo"]
[Black "Savalla, Salvatore"]
[Result "1-0"]
[WhiteElo "2017"]
[BlackElo "1724"]
[PlyCount "81"]
[EventDate "2009.08.07"]

1. Nf3 Nf6 2. d4 d5 3. e3 c5 4. Nbd2 Nc6 5. c3 c4 6. e4 e6 7. e5 Nd7 8. Be2 Be7
9. O-O O-O 10. b3 b5 11. a4 b4 12. bxc4 bxc3 13. Nb1 Ba6 14. Nxc3 Nb6 15. c5
Bxe2 16. Qxe2 Nc4 17. Be3 Rb8 18. Rfb1 Rxb1+ 19. Rxb1 Qa5 20. Bd2 Nxd2 21. Qxd2
Rb8 22. Rxb8+ Nxb8 23. Nxd5 Qxd2 24. Nxe7+ Kf8 25. Ng6+ hxg6 26. Nxd2 Ke7 27.
Kf1 f6 28. f4 Nc6 29. Nb3 Kd7 30. Ke2 Nb4 31. Kd2 Nd5 32. g3 f5 33. Kd3 a6 34.
c6+ Kxc6 35. Nc5 Nc7 36. Kc4 Kb6 37. h3 a5 38. h4 Kc6 39. Nxe6 Na8 40. d5+ Kd7
41. Kb5 1-0

[Event "XVII Open Nicolo' La Rosa"]
[Site "Mazara del Vallo ITA"]
[Date "2009.08.08"]
[Round "3"]
[White "Bonomo, Renan"]
[Black "Lo Piccolo, Antonino"]
[Result "1-0"]
[WhiteElo "1620"]
[BlackElo "1719"]
[PlyCount "91"]
[EventDate "2009.08.07"]

1. e4 e5 2. Nf3 Nc6 3. Bc4 Bc5 4. d4 exd4 5. Ng5 Ne5 6. Nxf7 Nxf7 7. Bxf7+ Kxf7
8. Qh5+ g6 9. Qxc5 Qe7 10. Qxd4 Nf6 11. Bg5 Qxe4+ 12. Qxe4 Nxe4 13. Be3 Re8 14.
O-O d5 15. Na3 c6 16. c4 dxc4 17. Nxc4 Be6 18. Na5 Re7 19. f3 Nf6 20. b3 Bd5
21. Bg5 b6 22. Nc4 Bxc4 23. bxc4 Re2 24. Rfe1 Rae8 25. Kf1 Rc2 26. Rxe8 Nxe8
27. Re1 Nf6 28. Rd1 Rxc4 29. Rd6 Nd5 30. Rd7+ Ke6 31. Rxa7 h6 32. Bxh6 Rh4 33.
Bc1 Rxh2 34. Kg1 Rh5 35. Rg7 Ne7 36. Ba3 c5 37. g4 Rd5 38. Kf2 Rd2+ 39. Kg3
Rxa2 40. Bc1 Kf6 41. Rh7 Rc2 42. Bf4 c4 43. Bd6 Re2 44. g5+ Kf5 45. Rxe7 Rd2
46. Re5# 1-0

[Event "XVII Open Nicolo' La Rosa"]
[Site "Mazara del Vallo ITA"]
[Date "2009.08.08"]
[Round "3"]
[White "Cassia, Giuseppe"]
[Black "Melograni, Francesco"]
[Result "0-1"]
[WhiteElo "1532"]
[BlackElo "1824"]
[PlyCount "46"]
[EventDate "2009.08.07"]

1. c4 e5 2. Nc3 Nc6 3. e3 f5 4. d4 Bb4 5. c5 d5 6. Bb5 e4 7. Nge2 Nf6 8. Qa4
Bd7 9. Bxc6 Bxc3+ 10. Nxc3 Bxc6 11. Qc2 O-O 12. b4 Be8 13. f3 Bh5 14. fxe4 Nxe4
15. O-O c6 16. Ne2 Bxe2 17. Qxe2 Qg5 18. Qf3 a5 19. Rb1 axb4 20. Rxb4 Rxa2 21.
Rxb7 Rfa8 22. h4 Qxh4 23. Rf7 Ng3 0-1

[Event "XVII Open Nicolo' La Rosa"]
[Site "Mazara del Vallo ITA"]
[Date "2009.08.08"]
[Round "3"]
[White "Castelli, Giovanni J."]
[Black "Colicchia, Michele"]
[Result "1-0"]
[WhiteElo "1623"]
[BlackElo "1427"]
[PlyCount "101"]
[EventDate "2009.08.07"]

1. e4 e5 2. f4 exf4 3. Nf3 Nc6 4. d4 d5 5. exd5 Qxd5 6. Nc3 Bb4 7. a3 Bxc3+ 8.
bxc3 Qe4+ 9. Be2 Bf5 10. Ra2 O-O-O 11. O-O Qd5 12. c4 Qd6 13. c3 Nf6 14. Ng5
Rhf8 15. Bxf4 Qd7 16. d5 Ne7 17. Qb3 Ng6 18. Rb2 b6 19. Bg3 h6 20. Nf3 Bg4 21.
Nd4 Bxe2 22. Rxe2 Rde8 23. Rxe8+ Rxe8 24. Nb5 Ne4 25. Qa4 a5 26. Bxc7 Kb7 27.
d6 Ka6 28. Qd1 Nc5 29. Qd4 Ne5 30. Qd5 f6 31. Rb1 Qc6 32. Nd4 Qxd5 33. Rxb6+
Ka7 34. Nb5+ Ka8 35. cxd5 Ned7 36. Rc6 Rc8 37. Bxa5 Kb7 38. Rxc8 Kxc8 39. Bb4
Na6 40. c4 Nxb4 41. axb4 Kb7 42. c5 Ka6 43. Nc7+ Ka7 44. c6 Nb6 45. d7 Nxd7 46.
cxd7 Kb7 47. d8=Q f5 48. Ne6 g5 49. Qc7+ Ka8 50. Nc5 h5 51. Qb7# 1-0

[Event "XVII Open Nicolo' La Rosa"]
[Site "Mazara del Vallo ITA"]
[Date "2009.08.08"]
[Round "3"]
[White "Cerami, Giuseppe"]
[Black "Berendino, Giacomo"]
[Result "0-1"]
[WhiteElo "1688"]
[BlackElo "1455"]
[PlyCount "126"]
[EventDate "2009.08.07"]

1. b4 f5 2. Bb2 Nf6 3. c4 e6 4. b5 b6 5. e3 Bb7 6. Nf3 Be7 7. Ng5 O-O 8. Nc3
Qe8 9. Be2 Qg6 10. h4 h6 11. Nf3 Qxg2 12. Rg1 Qh3 13. Na4 f4 14. Be5 Nh5 15.
exf4 d6 16. Qc2 Bxf3 17. Qg6 Qf5 18. Bxf3 dxe5 19. Bxh5 Qxg6 20. Rxg6 Nd7 21.
O-O-O Rxf4 22. Rdg1 Bf8 23. Rxh6 Rxc4+ 24. Nc3 Rf4 25. Rxe6 Rd8 26. Be2 Rxf2
27. Bc4 Ba3+ 28. Kb1 Kf8 29. Ne4 Rf4 30. d3 Nc5 31. Rxe5 Nxe4 32. Rxe4 Rxe4 33.
dxe4 Rd6 34. Bd5 Rf6 35. h5 Rf2 36. Rh1 Rb2+ 37. Ka1 Rxb5 38. Rf1+ Ke7 39. Rf7+
Kd6 40. Rf2 c6 41. Bf7 Rg5 42. Rf1 Ke5 43. Bg6 c5 44. Rf5+ Rxf5 45. exf5 c4 46.
Kb1 Bc5 47. a4 a6 48. Kc2 Bd4 49. Bf7 b5 50. axb5 axb5 51. Be6 Kf6 52. Kb1 c3
53. Kc2 b4 54. Kb3 Bc5 55. Bd7 Be7 56. Be6 Kg5 57. Bd7 Kxh5 58. Bc8 Kg5 59. Bd7
Kf4 60. Bc8 Ke3 61. Bb7 Kd3 62. Bg2 c2 63. Bf1+ Kd2 0-1

[Event "XVII Open Nicolo' La Rosa"]
[Site "Mazara del Vallo ITA"]
[Date "2009.08.08"]
[Round "3"]
[White "Cunati, Valerio"]
[Black "Piazza, Dario"]
[Result "1-0"]
[WhiteElo "1700"]
[BlackElo "1533"]
[PlyCount "57"]
[EventDate "2009.08.07"]

1. e4 e5 2. Nf3 Nc6 3. Bc4 Bc5 4. c3 Nf6 5. d4 exd4 6. cxd4 Bb4+ 7. Nc3 Nxe4 8.
O-O Nxc3 9. Re1+ Be7 10. bxc3 O-O 11. h3 Na5 12. Bd3 f5 13. Qe2 Rf7 14. Bxf5
Rxf5 15. Qxe7 Qxe7 16. Rxe7 Nc6 17. Re4 d5 18. Re8+ Kf7 19. Rh8 h6 20. Ba3 b6
21. Rf8+ Ke6 22. Re1+ Ne5 23. Rxe5+ Rxe5 24. Nxe5 c5 25. g4 Bb7 26. Rf7 Ba6 27.
Rxg7 cxd4 28. cxd4 Bc4 29. Rg6# 1-0

[Event "XVII Open Nicolo' La Rosa"]
[Site "Mazara del Vallo ITA"]
[Date "2009.08.08"]
[Round "3"]
[White "D'Amico, Filippo"]
[Black "Di Misa, Serafino"]
[Result "1/2-1/2"]
[WhiteElo "1416"]
[BlackElo "1617"]
[PlyCount "53"]
[EventDate "2009.08.07"]

1. c4 e5 2. Nc3 Nf6 3. Nf3 Nc6 4. g3 d5 5. cxd5 Nxd5 6. d3 Bc5 7. Bg2 Be6 8.
O-O f6 9. Bd2 Qd7 10. Re1 O-O-O 11. Qc2 Nde7 12. Ne4 Bb6 13. Nc5 Bxc5 14. Qxc5
g5 15. b4 Qd6 16. Qxd6 Rxd6 17. Rec1 e4 18. dxe4 g4 19. Bf4 gxf3 20. Bxd6 fxg2
21. Bxe7 Nxe7 22. Kxg2 Nc6 23. e3 Nxb4 24. a3 Nc6 25. f4 Re8 26. Kf3 h5 27. f5
1/2-1/2

[Event "XVII Open Nicolo' La Rosa"]
[Site "Mazara del Vallo ITA"]
[Date "2009.08.08"]
[Round "3"]
[White "Mancuso, Fabrizio"]
[Black "Provino, Salvatore"]
[Result "1-0"]
[WhiteElo "1314"]
[BlackElo "1413"]
[PlyCount "91"]
[EventDate "2009.08.07"]

1. e4 e5 2. Nf3 Nc6 3. Bc4 Bc5 4. O-O Nf6 5. d4 exd4 6. e5 Ng4 7. Bxf7+ Ke7 8.
Bh5 d6 9. Bxg4 Bxg4 10. Bg5+ Kd7 11. Bxd8 Raxd8 12. exd6 Kxd6 13. c3 Kd7 14.
Qd3 g6 15. cxd4 Kc8 16. Qc3 Bb6 17. d5 Ba5 18. Qa3 Rxd5 19. Nc3 Rf5 20. Na4
Rhf8 21. Nh4 R5f6 22. Rac1 Be2 23. f3 Bd2 24. Rc2 Be3+ 25. Qxe3 Bxf1 26. Kxf1
g5 27. Qxg5 Nd4 28. Rc3 Re6 29. Qg3 Nb5 30. Qg4 Rfe8 31. Rc1 Kb8 32. Nc5 Rd6
33. Nd7+ Ka8 34. Nc5 h6 35. Re1 Red8 36. Kf2 Rd4 37. Qh3 R4d5 38. Ne6 R8d7 39.
Qg4 a6 40. f4 h5 41. Qf3 Kb8 42. Re5 Rd2+ 43. Re2 R2d5 44. Rc2 R5d6 45. Nc5 Rd8
46. Qxb7# 1-0

[Event "XVII Open Nicolo' La Rosa"]
[Site "Mazara del Vallo ITA"]
[Date "2009.08.08"]
[Round "3"]
[White "Mangione, Claudio"]
[Black "Di Misa, Salvatore"]
[Result "1-0"]
[WhiteElo "2074"]
[BlackElo "1851"]
[PlyCount "57"]
[EventDate "2009.08.07"]

1. d4 d5 2. c4 e5 3. e3 exd4 4. exd4 Nf6 5. Nc3 Nbd7 6. Nf3 dxc4 7. Bxc4 Nb6 8.
Bb3 Bd6 9. O-O O-O 10. Bg5 Bg4 11. h3 Bh5 12. g4 Bg6 13. Ne5 Re8 14. f4 h6 15.
Bh4 c5 16. dxc5 Bxc5+ 17. Kh2 Kf8 18. Re1 Qc7 19. Nb5 Qb8 20. Qf3 a6 21. Nc3
Bd6 22. Bg3 h5 23. Kg2 Re7 24. Rad1 Bh7 25. g5 Ng8 26. Qxh5 Bxe5 27. fxe5 Bg6
28. Qf3 Qe8 29. Rd6 1-0

[Event "XVII Open Nicolo' La Rosa"]
[Site "Mazara del Vallo ITA"]
[Date "2009.08.08"]
[Round "3"]
[White "Marino, Davide"]
[Black "Campo, Renato"]
[Result "0-1"]
[WhiteElo "1550"]
[BlackElo "2018"]
[PlyCount "66"]
[EventDate "2009.08.07"]

1. e4 g6 2. d4 Bg7 3. Nf3 d6 4. h3 Nd7 5. Nc3 a6 6. a3 b5 7. Be3 Bb7 8. Bd3
Ngf6 9. O-O O-O 10. Re1 c5 11. b3 Rc8 12. d5 Ng4 13. Bd2 Nge5 14. Nxe5 Nxe5 15.
Bf1 c4 16. f4 Nd7 17. bxc4 Nb6 18. Rb1 Nxc4 19. Bxc4 Rxc4 20. Na2 Qc7 21. Kh1
Rxc2 22. Rc1 Rc8 23. Nb4 Rc4 24. Qb3 Qb6 25. Nd3 Qd4 26. Rxc4 Qxc4 27. Qxc4
Rxc4 28. Nf2 Bd4 29. Be3 Bb2 30. g4 Bxa3 31. Rd1 e6 32. Rd3 Bb4 33. Bd2 Bc5 0-1

[Event "XVII Open Nicolo' La Rosa"]
[Site "Mazara del Vallo ITA"]
[Date "2009.08.08"]
[Round "3"]
[White "Meo, Antonino"]
[Black "Lo Bosco, Salvatore"]
[Result "1-0"]
[WhiteElo "1515"]
[BlackElo "1696"]
[PlyCount "61"]
[EventDate "2009.08.07"]

1. e4 c5 2. Nc3 d6 3. f4 Nc6 4. Nf3 a6 5. d3 e6 6. Be2 Qc7 7. O-O b5 8. b3 Nf6
9. Qe1 g6 10. Rb1 Bg7 11. Qh4 Qe7 12. Re1 Nh5 13. Qxe7+ Nxe7 14. e5 dxe5 15.
fxe5 Bf8 16. Ng5 h6 17. Bxh5 gxh5 18. Nge4 Nf5 19. Nf6+ Kd8 20. Nxh5 Bb7 21.
Bf4 Rg8 22. Ne4 Bxe4 23. dxe4 Nh4 24. Bg3 Ng6 25. Rbd1+ Kc7 26. Nf6 Rg7 27.
Rd7+ Kc6 28. Red1 Kb6 29. a4 b4 30. a5+ Kxa5 31. Rb7 1-0

[Event "XVII Open Nicolo' La Rosa"]
[Site "Mazara del Vallo ITA"]
[Date "2009.08.08"]
[Round "3"]
[White "Messina, Damiano"]
[Black "Bocci, Alessandro"]
[Result "1/2-1/2"]
[WhiteElo "1991"]
[BlackElo "1919"]
[PlyCount "39"]
[EventDate "2009.08.07"]

1. e4 c5 2. Nf3 Nc6 3. d4 cxd4 4. Nxd4 Qc7 5. Nc3 e6 6. Nb3 a6 7. Bd3 Nf6 8.
Be3 Bb4 9. O-O O-O 10. f4 b5 11. Qf3 Bxc3 12. bxc3 e5 13. f5 Ne7 14. Bg5 Qb6+
15. Kh1 Bb7 16. Be3 Qc7 17. Bg5 Qb6 18. Be3 Qc7 19. Bg5 Qb6 20. Be3 1/2-1/2

[Event "XVII Open Nicolo' La Rosa"]
[Site "Mazara del Vallo ITA"]
[Date "2009.08.08"]
[Round "3"]
[White "Monaco, Alessandro"]
[Black "Vincenzi, Marco"]
[Result "0-1"]
[WhiteElo "1605"]
[BlackElo "2080"]
[PlyCount "57"]
[EventDate "2009.08.07"]

1. e4 e5 2. Nc3 Nf6 3. Bc4 Nc6 4. d3 Na5 5. Nge2 Nxc4 6. dxc4 d6 7. O-O Be7 8.
Bg5 Nxe4 9. Bxe7 Nxc3 10. Nxc3 Qxe7 11. f4 O-O 12. Nd5 Qd8 13. fxe5 dxe5 14.
Qe1 c6 15. Nc3 Qb6+ 16. Kh1 Qxb2 17. Qxe5 Be6 18. Rfb1 Qxc2 19. Rxb7 Bxc4 20.
Re1 Qf2 21. Rbb1 Rad8 22. Qe7 h6 23. Qc7 Rd2 24. Rg1 Bd5 25. Nxd5 cxd5 26. a4
Ra2 27. a5 Qc2 28. Qxa7 Qa4 29. Qd7 0-1

[Event "XVII Open Nicolo' La Rosa"]
[Site "Mazara del Vallo ITA"]
[Date "2009.08.08"]
[Round "3"]
[White "Montalbano, Federico"]
[Black "Cleal, John"]
[Result "1/2-1/2"]
[WhiteElo "1509"]
[BlackElo "1958"]
[PlyCount "50"]
[EventDate "2009.08.07"]

1. e4 g6 2. d4 d6 3. Nc3 Bg7 4. f3 Nf6 5. Be3 Nbd7 6. Bc4 c6 7. g4 e5 8. d5 Nb6
9. Bb3 cxd5 10. Bxd5 Nfxd5 11. Nxd5 Nc4 12. Qd3 Nxe3 13. Qxe3 Be6 14. O-O-O h5
15. g5 Bxd5 16. Rxd5 Qc7 17. Ne2 O-O 18. Rhd1 Rfd8 19. Qd3 Bf8 20. Nc3 a6 21.
h4 Be7 22. Ne2 Rac8 23. f4 exf4 24. Nxf4 b5 25. Qb3 Qc4 1/2-1/2

[Event "XVII Open Nicolo' La Rosa"]
[Site "Mazara del Vallo ITA"]
[Date "2009.08.08"]
[Round "3"]
[White "Morello, Guido"]
[Black "Gigante, Giovanni"]
[Result "1-0"]
[WhiteElo "1952"]
[BlackElo "1692"]
[PlyCount "47"]
[EventDate "2009.08.07"]

1. e4 c6 2. d4 d5 3. e5 Bf5 4. g4 Bd7 5. Bd3 Qb6 6. c3 c5 7. dxc5 Qxc5 8. Be3
Qc7 9. f4 d4 10. cxd4 Qc6 11. Nc3 Qxh1 12. Qc2 Qc6 13. d5 Qc8 14. Qf2 Nh6 15.
h3 g6 16. Rc1 Nc6 17. dxc6 bxc6 18. f5 Bg7 19. f6 Bf8 20. fxe7 Bg7 21. Bxh6
Bxh6 22. Ne4 Qb8 23. Nd6+ Kxe7 24. Qf6+ 1-0

[Event "XVII Open Nicolo' La Rosa"]
[Site "Mazara del Vallo ITA"]
[Date "2009.08.08"]
[Round "3"]
[White "Naumkin, Igor"]
[Black "Bifulco, Michel"]
[Result "1-0"]
[WhiteElo "2481"]
[BlackElo "2015"]
[PlyCount "55"]
[EventDate "2009.08.07"]

1. d4 d5 2. c4 e6 3. Nf3 c6 4. Bg5 Nf6 5. e3 Be7 6. Nc3 O-O 7. Rc1 Nbd7 8. Bd3
Re8 9. O-O Nf8 10. Ne5 dxc4 11. Bxc4 Nd5 12. Bf4 Ng6 13. Qh5 Ndxf4 14. exf4 Bf6
15. Rfd1 Bxe5 16. fxe5 Qh4 17. Qf3 Qf4 18. Qe2 Rd8 19. g3 Qg5 20. Ne4 Qe7 21.
Nd6 b5 22. Bd3 Bb7 23. Be4 Rxd6 24. exd6 Qxd6 25. Qc2 f5 26. Bxc6 Rc8 27. d5
Ne7 28. Qe2 1-0

[Event "XVII Open Nicolo' La Rosa"]
[Site "Mazara del Vallo ITA"]
[Date "2009.08.08"]
[Round "3"]
[White "Oddo, Salvatore"]
[Black "Fiorella, Loreto"]
[Result "0-1"]
[WhiteElo "1496"]
[BlackElo "1583"]
[PlyCount "52"]
[EventDate "2009.08.07"]

1. Nf3 Nc6 2. g3 e5 3. d3 Bc5 4. Bg2 Nf6 5. Nbd2 d6 6. O-O O-O 7. e4 Ne7 8. c3
a6 9. a4 Bg4 10. Qc2 c6 11. Re1 Qd7 12. Nb3 Ba7 13. Be3 c5 14. Red1 Rfc8 15.
Nbd2 Bh3 16. Bh1 Ng4 17. Re1 Nxe3 18. Rxe3 c4 19. Ree1 cxd3 20. Qxd3 Rd8 21.
Red1 Qg4 22. Nc4 Ng6 23. Nfxe5 dxe5 24. Qxd8+ Rxd8 25. Rxd8+ Nf8 26. Nxe5 Qe2
0-1

[Event "XVII Open Nicolo' La Rosa"]
[Site "Mazara del Vallo ITA"]
[Date "2009.08.08"]
[Round "3"]
[White "Savalla, Pietro"]
[Black "D'Angelo, Giovanni"]
[Result "0-1"]
[WhiteElo "1488"]
[BlackElo "1647"]
[PlyCount "136"]
[EventDate "2009.08.07"]

1. e4 d6 2. d4 Nf6 3. Nc3 g6 4. h3 Bg7 5. Nf3 O-O 6. Bc4 c6 7. O-O Nxe4 8. Nxe4
d5 9. Bd3 dxe4 10. Bxe4 Be6 11. Be3 Bd5 12. Bxd5 cxd5 13. Qd2 Nc6 14. Bh6 Qd6
15. Rfe1 Rfe8 16. Bxg7 Kxg7 17. a3 a5 18. Ne5 h5 19. Qe3 Rac8 20. c3 a4 21.
Nxc6 Rxc6 22. Qd3 Rb6 23. Rab1 Rb3 24. Re2 b5 25. Qd2 Qf6 26. Re3 Qf5 27. Ree1
e5 28. Qd1 e4 29. Re3 Re6 30. f3 Qf4 31. Qe2 exf3 32. Rxf3 Rxe2 33. Rxf4 Rbxb2
34. Rxb2 Rxb2 35. Rf2 Rb3 36. Ra2 Rxc3 37. Rb2 Rb3 38. Ra2 Rd3 39. Rb2 Rxd4 40.
Rxb5 Rd3 41. Ra5 Rxa3 42. Rxd5 Ra2 43. Rd1 Kf6 44. Re1 Kg5 45. Kh2 a3 46. Rf1
f5 47. Rc1 Re2 48. Ra1 a2 49. Kg3 Rb2 50. h4+ Kf6 51. Kf3 Ke5 52. g3 Kd4 53.
Kf4 Kc3 54. Kg5 Kb3 55. Kxg6 Rg2 56. Kxf5 Rxg3 57. Kf4 Rg4+ 58. Kf3 Rxh4 59.
Kg3 Rc4 60. Rf1 Kb2 61. Rf2+ Rc2 62. Rxc2+ Kxc2 63. Kh4 a1=Q 64. Kxh5 Qg1 65.
Kh4 Kd3 66. Kh3 Ke4 67. Kh4 Kf4 68. Kh3 Qg3# 0-1

[Event "XVII Open Nicolo' La Rosa"]
[Site "Mazara del Vallo ITA"]
[Date "2009.08.08"]
[Round "4"]
[White "Berendino, Giacomo"]
[Black "D'Amico, Filippo"]
[Result "1-0"]
[WhiteElo "1455"]
[BlackElo "1416"]
[PlyCount "61"]
[EventDate "2009.08.07"]

1. d4 e6 2. Nf3 d5 3. e3 Nf6 4. Nbd2 c5 5. c3 Nc6 6. Bd3 cxd4 7. exd4 Bd6 8.
O-O O-O 9. Re1 b6 10. Ne5 Bb7 11. Ng4 a5 12. Nxf6+ Qxf6 13. Nf3 Qd8 14. Ng5 g6
15. Qg4 Qf6 16. Nh3 Be7 17. Bh6 Rfe8 18. Ng5 Bd6 19. Re3 Qf4 20. Qh3 Qf6 21.
Nxh7 Qh8 22. Ng5 Bf4 23. Nxf7 Kxf7 24. Bxf4 Qxh3 25. Rxh3 Bc8 26. Bg5 Rg8 27.
Re1 Bd7 28. Ree3 Kg7 29. Ref3 Rae8 30. Bh6+ Kh7 31. Bf8# 1-0

[Event "XVII Open Nicolo' La Rosa"]
[Site "Mazara del Vallo ITA"]
[Date "2009.08.08"]
[Round "4"]
[White "Bertino, Giacomo"]
[Black "Naumkin, Igor"]
[Result "0-1"]
[WhiteElo "2017"]
[BlackElo "2481"]
[PlyCount "110"]
[EventDate "2009.08.07"]

1. e4 e6 2. d4 d5 3. Bd3 c5 4. exd5 exd5 5. Nf3 Nf6 6. O-O Be7 7. dxc5 Bxc5 8.
Re1+ Be7 9. Bb5+ Nc6 10. Ne5 Bd7 11. Nxd7 Qxd7 12. Bg5 O-O 13. Nd2 Rfe8 14. Nf3
Rad8 15. c3 a6 16. Ne5 Qc7 17. Nxc6 bxc6 18. Bxa6 Qb6 19. Bd3 Qxb2 20. Qc2 Qxc2
21. Bxc2 Kf8 22. a4 Nd7 23. Bxe7+ Rxe7 24. Kf1 Rxe1+ 25. Kxe1 Ke7 26. Kd2 Kd6
27. f4 h6 28. Re1 Nb6 29. Bb3 Ra8 30. Ra1 Ra5 31. Kd3 c5 32. Kd2 Ra7 33. Re1
Ra8 34. Ra1 Rb8 35. g3 Rb7 36. h3 Ra7 37. Re1 Ra8 38. Ra1 f6 39. Ke3 c4 40. Bc2
Kc5 41. h4 Re8+ 42. Kd2 d4 43. cxd4+ Kxd4 44. a5 Nd5 45. Ra4 Nc3 46. Rb4 Re2+
47. Kc1 Na2+ 48. Kd1 Rxc2 49. Ra4 Kd3 50. Ra3+ Nc3+ 51. Ke1 Re2+ 52. Kf1 Re7
53. Kf2 Kd4 54. a6 Nb5 55. Ra5 Kc5 0-1

[Event "XVII Open Nicolo' La Rosa"]
[Site "Mazara del Vallo ITA"]
[Date "2009.08.08"]
[Round "4"]
[White "Bifulco, Michel"]
[Black "Meo, Antonino"]
[Result "1-0"]
[WhiteElo "2015"]
[BlackElo "1515"]
[PlyCount "75"]
[EventDate "2009.08.07"]

1. d4 Nf6 2. c4 c5 3. d5 d6 4. Nc3 g6 5. e4 Bg7 6. Be2 O-O 7. Be3 Nbd7 8. Qd2
Ne5 9. f3 Rb8 10. g4 a6 11. h4 Bd7 12. h5 b5 13. hxg6 fxg6 14. cxb5 axb5 15.
Bh6 Bxh6 16. Qxh6 c4 17. Nh3 Qb6 18. Nf2 b4 19. Ncd1 c3 20. f4 Nf7 21. Qh4 c2
22. g5 cxd1=Q+ 23. Rxd1 Nh5 24. Bxh5 gxh5 25. Qxh5 Qe3+ 26. Kf1 Bb5+ 27. Kg2 h6
28. Qg6+ Kh8 29. Rxh6+ Nxh6 30. Qxh6+ Kg8 31. g6 Rf7 32. Rh1 Qd4 33. e5 Qxd5+
34. Kg1 Rh7 35. Qxh7+ Kf8 36. g7+ Ke8 37. g8=Q+ Kd7 38. Qxd5 1-0

[Event "XVII Open Nicolo' La Rosa"]
[Site "Mazara del Vallo ITA"]
[Date "2009.08.08"]
[Round "4"]
[White "D'Angelo, Giovanni"]
[Black "Monaco, Alessandro"]
[Result "1-0"]
[WhiteElo "1647"]
[BlackElo "1605"]
[PlyCount "95"]
[EventDate "2009.08.07"]

1. e4 c5 2. c3 g6 3. d4 cxd4 4. cxd4 d5 5. e5 Bg7 6. Nf3 f6 7. Bf4 Nc6 8. Nc3
Bg4 9. Be2 Bxf3 10. Bxf3 e6 11. O-O fxe5 12. dxe5 a6 13. Re1 Nh6 14. Na4 O-O
15. Qd2 Nf7 16. Nc5 Qe7 17. Rac1 Ncxe5 18. Bxe5 Nxe5 19. Bd1 Rac8 20. Nb3 Rxc1
21. Nxc1 Qf6 22. Bb3 Bh6 23. Qe2 Bxc1 24. Rxc1 Qf4 25. Rf1 Kg7 26. h3 Re8 27.
Re1 Kf6 28. Bd1 d4 29. g3 Qf5 30. Kg2 d3 31. Qe3 Nc4 32. Qd4+ e5 33. Qxc4 e4
34. Qd4+ Qe5 35. Qxe5+ Rxe5 36. Bb3 Re7 37. g4 Ke5 38. f3 Kd4 39. fxe4 Rxe4 40.
Rxe4+ Kxe4 41. Kf2 Kf4 42. Bd1 b6 43. h4 h6 44. a4 g5 45. hxg5 hxg5 46. Bf3 b5
47. a5 b4 48. Bb7 1-0

[Event "XVII Open Nicolo' La Rosa"]
[Site "Mazara del Vallo ITA"]
[Date "2009.08.08"]
[Round "4"]
[White "Di Misa, Salvatore"]
[Black "Montalbano, Federico"]
[Result "1-0"]
[WhiteElo "1851"]
[BlackElo "1509"]
[PlyCount "117"]
[EventDate "2009.08.07"]

1. e4 e6 2. d4 d5 3. e5 c5 4. c3 Nc6 5. Nf3 Qb6 6. Bd3 cxd4 7. cxd4 Bd7 8. O-O
Nxd4 9. Nbd2 Bc5 10. b4 Nxf3+ 11. Nxf3 Be7 12. Be3 Qd8 13. Qd2 f6 14. Rfe1 fxe5
15. Nxe5 Nf6 16. Bd4 O-O 17. Re3 Ne4 18. Bxe4 dxe4 19. Rxe4 Bf6 20. Rae1 Be8
21. Qe3 b6 22. Nf3 Bg6 23. Rxe6 Bf7 24. Bxf6 gxf6 25. Re7 Re8 26. Rxe8+ Qxe8
27. Qf4 Qd8 28. Nd4 Rc8 29. Nf5 Rc7 30. Nh6+ Kg7 31. Ng4 Bg6 32. h4 h5 33. Ne3
Re7 34. Rc1 Qd7 35. Rc4 Qe6 36. Qb8 Qf7 37. Qf4 Qe6 38. a3 a6 39. Rd4 Rd7 40.
Rxd7+ Qxd7 41. Qc4 Bd3 42. Qd5 Qb5 43. Qxb5 Bxb5 44. Nd5 a5 45. Nxb6 axb4 46.
axb4 Kg6 47. f3 Kf5 48. Kf2 Ke5 49. Ke3 f5 50. f4+ Kd6 51. Kd4 Kc6 52. Nc4 Ba6
53. Ne3 Bc8 54. Ke5 Kb5 55. Nxf5 Kxb4 56. Ng7 Bg4 57. f5 Bd1 58. f6 Bb3 59. Ne6
1-0

[Event "XVII Open Nicolo' La Rosa"]
[Site "Mazara del Vallo ITA"]
[Date "2009.08.08"]
[Round "4"]
[White "Di Misa, Serafino"]
[Black "Piazza, Francesco"]
[Result "1-0"]
[WhiteElo "1617"]
[BlackElo "1374"]
[PlyCount "37"]
[EventDate "2009.08.07"]

1. e4 e5 2. d4 exd4 3. c3 Nc6 4. cxd4 d5 5. e5 Bb4+ 6. Bd2 Bxd2+ 7. Qxd2 Nge7
8. Nf3 O-O 9. Bb5 a6 10. Ba4 b5 11. Bb3 Bg4 12. Nc3 Bxf3 13. gxf3 Qd7 14. O-O-O
Na5 15. Bc2 Rac8 16. Nxd5 Nc4 17. Nxe7+ Qxe7 18. Qd3 c5 19. Qxh7# 1-0